000
00257nam a22001217a 4500
008
180316b xxu||||| |||| 00| 0 eng d
041
_a
eng
080
_2
3rd ed.
_a
54
100
_a
12
101
_a
KIM
245
_a
Chemistry
_c
Brady,J.E
942
_2
udc
_c
BK
999
_c
45242
_d
45242